<?xml version="1.0" encoding="UTF-8"?>
<collection xmlns="http://www.loc.gov/MARC21/slim">
 <record>
  <leader>01396nam a2200205Ia 4500</leader>
  <controlfield tag="001">CTU_221095</controlfield>
  <controlfield tag="008">210402s9999    xx            000 0 und d</controlfield>
  <datafield tag="082" ind1=" " ind2=" ">
   <subfield code="a">571.6</subfield>
  </datafield>
  <datafield tag="082" ind1=" " ind2=" ">
   <subfield code="b">H645</subfield>
  </datafield>
  <datafield tag="100" ind1=" " ind2=" ">
   <subfield code="a">Hille, Bertil</subfield>
  </datafield>
  <datafield tag="245" ind1=" " ind2="0">
   <subfield code="a">Ionic channels of excitable membranes</subfield>
  </datafield>
  <datafield tag="245" ind1=" " ind2="0">
   <subfield code="c">Bertil Hille</subfield>
  </datafield>
  <datafield tag="260" ind1=" " ind2=" ">
   <subfield code="a">Sunderland, Massachusett</subfield>
  </datafield>
  <datafield tag="260" ind1=" " ind2=" ">
   <subfield code="b">Sinauer Associates</subfield>
  </datafield>
  <datafield tag="260" ind1=" " ind2=" ">
   <subfield code="c">1984</subfield>
  </datafield>
  <datafield tag="520" ind1=" " ind2=" ">
   <subfield code="a">This new, fully revised and expanded edition of &quot;Ionic Channels of Excitable Membranes&quot; includes new chapters on fast chemical synapses, modulation through G protein coupled receptors and second messenger systems, molecules cloning, site directed mutagenesis, and cell biology. It begins with the classical biophysical work of Hodgkin and Huxley and then weaves a description of the known ionic channels together with their biological functions. The book continues by developing the physical and molecular principles needed for explaining permeation, gating, pharmacological modification, and molecular diversity, and ends with a discussion of channel evolution. &quot;Ionic Channels of Excitable Membranes&quot; is written to be accessible and interesting to biological and physical scientists of all kinds</subfield>
  </datafield>
  <datafield tag="650" ind1=" " ind2=" ">
   <subfield code="a">Excitable membranes,Màng thấm,Ion channels,Kênh ion</subfield>
  </datafield>
  <datafield tag="650" ind1=" " ind2=" ">
   <subfield code="x">Physiology,Sinh lý học</subfield>
  </datafield>
  <datafield tag="904" ind1=" " ind2=" ">
   <subfield code="i">Nguyên</subfield>
  </datafield>
  <datafield tag="980" ind1=" " ind2=" ">
   <subfield code="a">Trung tâm Học liệu Trường Đại học Cần Thơ</subfield>
  </datafield>
 </record>
</collection>
